Luthers Rechtfertigungslehre und wir

Saved in:  
Bibliographic Details
Main Author: Schoell, Jakob (Author)
Format: Print Article
Language:German
Check availability: HBZ Gateway
Interlibrary Loan:Interlibrary Loan for the Fachinformationsdienste (Specialized Information Services in Germany)
Published: 1917/18
In: Monatschrift für Pastoraltheologie zur Vertiefung des gesamten pfarramtlichen Wirkens
Year: 1917, Pages: 5-15
Further subjects:B Grace / Redemption
B redemption / grace
B Luther,Martin
B sin / justification
B Sin / Justification
Sammlungen:

MARC

LEADER 00000caa a22000002c 4500
001 596316135
003 DE-627
005 20230327142357.0
007 tu
008 090404s1917 xx ||||| 00| ||ger c
035 |a (DE-627)596316135 
035 |a (DE-576)9596316133 
035 |a (DE-599)GBV596316135 
040 |a DE-627  |b ger  |c DE-627  |e rakwb 
041 |a ger 
084 |a 1  |2 ssgn 
100 1 |a Schoell, Jakob  |4 aut 
245 1 0 |a Luthers Rechtfertigungslehre und wir  |c Jakob Schoell 
264 1 |c 1917/18 
336 |a Text  |b txt  |2 rdacontent 
337 |a ohne Hilfsmittel zu benutzen  |b n  |2 rdamedia 
338 |a Band  |b nc  |2 rdacarrier 
601 |a Rechtfertigungslehre 
650 4 |a Luther,Martin 
650 4 |a Sünde/Rechtfertigung 
650 4 |a Gnade/Erlösung 
650 4 |a sin/justification 
650 4 |a grace/redemption 
773 0 8 |i In  |t Monatschrift für Pastoraltheologie zur Vertiefung des gesamten pfarramtlichen Wirkens  |d Göttingen : Vandenhoeck & Ruprecht, 1904  |g 14 (1917/18), S. 5-15  |w (DE-627)129305537  |w (DE-600)124146-1  |w (DE-576)014501155  |x 0174-9870  |7 nnas 
773 1 8 |g year:1917  |g pages:5-15 
935 |a FRST  |a mteo 
951 |a AR 
ELC |b 1 
ITA |a 1  |t 1 
LOK |0 000 xxxxxcx a22 zn 4500 
LOK |0 001 4297504677 
LOK |0 003 DE-627 
LOK |0 004 596316135 
LOK |0 005 20240915080441 
LOK |0 008 230327||||||||||||||||ger||||||| 
LOK |0 040   |a DE-Tue135  |c DE-627  |d DE-Tue135 
LOK |0 092   |o n 
LOK |0 852   |a DE-Tue135 
LOK |0 852 1  |9 00 
LOK |0 866   |x SPQUE#Bibliothek der Franckeschen Stiftungen 
LOK |0 935   |a FRST 
LOK |0 939   |a 27-03-23  |b l01 
ORI |a SA-MARC-ixtheoa001.raw